Giáo trình đạo đức học /

Trình bày đối tượng, nhiệm vụ và một số phạm trù cơ bản của đạo đức học. Nguồn gốc, bản chất, chức năng và giáo dục đạo đức. Các kiểu đạo đức trong lịch sử, quan hệ giữa đạo đức với các hình thái ý thức xã hội khác......

Szczegółowa specyfikacja

Zapisane w:
Opis bibliograficzny
Kolejni autorzy: Trần Đăng Sinh (tác giả, ch.b.), Nguyễn Thị Thọ (tác giả, ch.b.), Nguyễn Thị Tuấn, Nguyễn Văn Phúc, Nguyễn Thế Kiệt
Format: Książka
Język:Vietnamese
Wydane: H. : Đại học Sư phạm, 2011.
Hasła przedmiotowe:
Etykiety: Dodaj etykietę
Nie ma etykietki, Dołącz pierwszą etykiete!
Thư viện lưu trữ: Mạng thư viện Đại học Đà Nẵng
LEADER 01664aam a22003858a 4500
001 000019681
003 16120
005 20181227134800.0
008 140721s2011 viesd
020 |c 27000đ  |d 1000b 
041 0 |a vie 
082 1 4 |2 14  |a 370.114  |b Gia 
245 0 0 |a Giáo trình đạo đức học /  |c Trần Đăng Sinh, Nguyễn Thị Thọ (đồng ch.b.), Nguyễn Thế Kiệt.. 
260 |a H. :  |b Đại học Sư phạm,  |c 2011. 
300 |a 206 tr. ;  |c 21 cm. 
504 |a Thư mục: tr. 222-206 
520 |a Trình bày đối tượng, nhiệm vụ và một số phạm trù cơ bản của đạo đức học. Nguồn gốc, bản chất, chức năng và giáo dục đạo đức. Các kiểu đạo đức trong lịch sử, quan hệ giữa đạo đức với các hình thái ý thức xã hội khác... 
650 0 4 |2 Bộ TK TVQG  |a Đạo đức học  |v Giáo trình 
653 |a Đạo đức học 
655 7 |2 Bộ TK TVQG  |a Giáo trình 
700 1 |a Trần Đăng Sinh  |e tác giả, ch.b. 
700 1 |a Nguyễn Thị Thọ  |e tác giả, ch.b. 
700 1 |a Nguyễn Thị Tuấn 
700 1 |a Nguyễn Văn Phúc 
700 1 |a Nguyễn Thế Kiệt 
OWN |a LSP 
AVA |a UDN50  |b LSP  |d 370.114 Gia  |e available  |t Error 5001 Not defined in file expand_doc_bib_avail.  |f 10  |g 0  |h N  |i 0  |k 1 
999 |a From the UDN01 
AVA |a UDN50  |b LSP  |d 370.114 Gia  |e available  |t Error 5001 Not defined in file expand_doc_bib_avail.  |f 10  |g 0  |h N  |i 0  |k 1 
TYP |a Monograph 
TYP |a Printed language 
980 |a Mạng thư viện Đại học Đà Nẵng